| 000 | 00391nam a22001577a 4500 | ||
|---|---|---|---|
| 003 | CEME | ||
| 005 | 20210628203800.0 | ||
| 008 | 210316b xxu||||| |||| 00| 0 eng d | ||
| 040 | _c. | ||
| 082 | _a297.65 HUK'N | ||
| 100 |
_aNadvi, Abdus Salam _967287 |
||
| 245 | _aHukama-i-islam, works of muslim pholospher | ||
| 250 | _aVOL-1&2 | ||
| 260 |
_aLAHORE _bNATIONAL _c1989 |
||
| 942 |
_cBK _2ddc |
||
| 999 |
_c575103 _d575103 |
||